Estudio de la cuenca del río Pirris como posible fuente para abastecimiento de agua potable del area metropolitana

保存先:
書誌詳細
第一著者: Tinoco Duarte, Ricardo Ulises
フォーマット: 不明
言語:Spanish
出版事項: [San José, Costa Rica] 1979
主題:
タグ: タグ追加
タグなし, このレコードへの初めてのタグを付けませんか!

MARC

LEADER 00000 a2200000 4500
003 000923
005 20221231143735.0
008 140114s1979 c a m 000 ||spa d
040 |c cru CEDI 
090 |a TFG 802 
100 |a Tinoco Duarte, Ricardo Ulises  |9 16324 
245 |a Estudio de la cuenca del río Pirris como posible fuente para abastecimiento de agua potable del area metropolitana 
260 |c 1979  |a [San José, Costa Rica] 
300 |a  [154 hojas] : ilustraciones (algunas plegables) ; 30 cm  
500 |a  Tesis (ingeniero civil)--Universidad de Costa Rica.  
650 |x RIO PARRITA (COSTA RICA)   |x SUMINISTRO DE AGUA - SAN JOSE (COSTA RICA)  |9 16325 
942 |c TFG 
999 |c 11095  |d 11095